Los papeles de una vida recobrada / (Record no. 179280)

MARC details
000 -LEADER
campo de control de longitud fija 01067nam a2200289 i 4500
001 - NÚMERO DE CONTROL
campo de control 179280
003 - IDENTIFICADOR DE NÚMERO DE CONTROL
campo de control ES-MaACL
005 - FECHA Y HORA DE LA ÚLTIMA TRANSACCIÓN
campo de control 20240201191801.0
008 - DATOS DE LONGITUD FIJA--INFORMACIÓN GENERAL
campo de control de longitud fija 111020s2010 sp |||| |bspa d
020 ## - NÚMERO INTERNACIONAL ESTÁNDAR DEL LIBRO
Número Internacional Estándar del Libro 978-84-936813-3-3
080 ## - NÚMERO DE LA CLASIFICACIÓN DECIMAL UNIVERSAL
Número de la Clasificación Decimal Universal 929 Arce, Manuel
080 ## - NÚMERO DE LA CLASIFICACIÓN DECIMAL UNIVERSAL
Número de la Clasificación Decimal Universal 821.134.2-94"19"
100 1# - ENTRADA PRINCIPAL--NOMBRE DE PERSONA
Nombre de persona Arce, Manuel.
9 (RLIN) 22456
245 14 - MENCIÓN DEL TÍTULO
Título Los papeles de una vida recobrada /
Mención de responsabilidad, etc. Manuel Arce ; [prólogo, Germán Gullón ; índice onomástico, Jesús Herrán Ceballos].
250 ## - MENCION DE EDICION
Mención de edición 1ª ed.
260 ## - PUBLICACIÓN, DISTRIBUCIÓN, ETC.
Lugar de publicación, distribución, etc. Villanueva de Villaescusa, Cantabria :
Nombre del editor, distribuidor, etc. Valnera,
Fecha de publicación, distribución, etc. 2010.
300 ## - DESCRIPCIÓN FÍSICA
Extensión 1462 p. :
Otras características físicas il. col. y n., fot. ;
Dimensiones 25 cm.
500 ## - NOTA GENERAL
Nota general Índice onomástico.
504 ## - NOTA DE BIBLIOGRAFÍA, ETC.
Nota de bibliografía, etc. Referencias bibliográficas.
600 14 - PUNTO DE ACCESO ADICIONAL DE MATERIA--NOMBRE DE PERSONA
Nombre de persona Arce, Manuel.
9 (RLIN) 22456
700 1# - ENTRADA AGREGADA--NOMBRE PERSONAL
Nombre de persona Gullón, Germán,
Fechas asociadas al nombre 1945-
9 (RLIN) 60936
700 1# - ENTRADA AGREGADA--NOMBRE PERSONAL
Nombre de persona Herrán Ceballos, Jesús.
9 (RLIN) 148371
852 ## - LOCALIZACIÓN
Ubicación ES-MaACL
Número de control de estantería A-11648
itemnumber 186161
Sublocalización o colección R.146900
Ubicación en estantería Depósito 1
Signatura antigua Olim: N-4653
Nota libre Dedicatoria autógrafa del autor
Encuadernación Donación: Manuel Arce
903 ## - NOMBRE PERSONAL DE DONANTE
9 22456
a Arce, Manuel
e Donante
942 ## - ELEMENTOS DE ENTRADA SECUNDARIOS (KOHA)
Fuente del sistema de clasificación o colocación Clasificación decimal universal
Tipo de ítem Koha Libro impreso
Holdings
Estatus retirado Estado de pérdida Fuente del sistema de clasificación o colocación Estado de daño No para préstamo Colección Biblioteca de origen Biblioteca actual Ubicación en estantería Fecha de adquisición Fuente de adquisición Total de préstamos Signatura topográfica completa Código de barras Visto por última vez Precio de reemplazo Tipo de ítem Koha Nota pública
    Clasificación decimal universal     Libros con dedicatorias Biblioteca del Ateneo de Madrid Biblioteca del Ateneo de Madrid Depósito 1 20/10/2011 Donación   A-11648 1188334 23/02/2023 23/02/2023 Libro impreso Dedicatoria autógrafa del autor